[Event "Las Vegas 1000 GM op"]
[Site "Las Vegas"]
[Date "2023.06.10"]
[Round "5"]
[White "Taylor, Tristan"]
[Black "Wang, Henry H"]
[Result "0-1"]
[WhiteElo "1908"]
[BlackElo "2193"]
[PlyCount "50"]
[EventDate "2023.06.08"]
[EventType "swiss"]
[EventRounds "9"]
[EventCountry "USA"]
[SourceTitle "CBM 214 Extra"]
[Source "ChessBase"]
[SourceDate "2023.07.31"]
[SourceVersion "1"]
[SourceVersionDate "2023.07.31"]
[SourceQuality "1"]

1. e4 d6 2. d4 Nf6 3. Nc3 Nbd7 4. Nf3 e5 5. Bc4 Be7 6. 0-0 0-0 7. Re1 c6 8. a4 b6 9. h3 a6 10. Bg5 Bb7 11. Bh4 b5 12. Bd3 Re8 13. Bg3 Bf8 14. dxe5 dxe5 15. axb5 cxb5 16. Qe2 Bb4 17. Red1 Bxc3 18. bxc3 Qc7 19. c4 bxc4 20. Bxc4 Nxe4 21. Rxd7 Qxd7 22. Bxe5 Nc5 23. Ng5 Bd5 24. Nxh7 Bxc4 25. Qxc4 Rxe5 0-1

[Event "Las Vegas 1000 GM op"]
[Site "Las Vegas"]
[Date "2023.06.09"]
[Round "2"]
[White "Moreby, James"]
[Black "Taylor, Tristan"]
[Result "0-1"]
[WhiteElo "2350"]
[BlackElo "1908"]
[PlyCount "67"]
[EventDate "2023.06.08"]
[EventType "swiss"]
[EventRounds "9"]
[EventCountry "USA"]
[SourceTitle "CBM 214 Extra"]
[Source "ChessBase"]
[SourceDate "2023.07.31"]
[SourceVersion "1"]
[SourceVersionDate "2023.07.31"]
[SourceQuality "1"]

1. c4 c5 2. Nf3 Nf6 3. Nc3 d5 4. cxd5 Nxd5 5. e3 Nxc3 6. bxc3 g6 7. Ba3 Qa5 8. Qb3 Bg7 9. Bb5+ Bd7 10. Bc4 0-0 11. 0-0 b5 12. Bd5 c4 13. Qb2 Bc6 14. Bxc6 Nxc6 15. Nd4 Bxd4 16. exd4 b4 17. Bxb4 Nxb4 18. cxb4 Qd5 19. d3 Rac8 20. Rac1 cxd3 21. Rc5 Rxc5 22. dxc5 a5 23. a3 axb4 24. axb4 Ra8 25. h3 Ra2 26. Qb1 Ra3 27. Qc1 Ra2 28. Qb1 Rc2 29. Qa1 d2 30. Rd1 Qc4 31. Kh2 Rc1 32. Qa4 Rxd1 33. Qxd1 Qc1 34. Qxd2 0-1

[Event "Las Vegas 1000 GM op"]
[Site "Las Vegas"]
[Date "2023.06.09"]
[Round "3"]
[White "Taylor, Tristan"]
[Black "Mikaelyan, Arman"]
[Result "0-1"]
[WhiteElo "1908"]
[BlackElo "2523"]
[PlyCount "92"]
[EventDate "2023.06.08"]
[EventType "swiss"]
[EventRounds "9"]
[EventCountry "USA"]
[SourceTitle "CBM 214 Extra"]
[Source "ChessBase"]
[SourceDate "2023.07.31"]
[SourceVersion "1"]
[SourceVersionDate "2023.07.31"]
[SourceQuality "1"]

1. e4 c5 2. Nf3 Nc6 3. Bb5 Nf6 4. Nc3 Qc7 5. 0-0 Nd4 6. Re1 a6 7. e5 Nxb5 8. exf6 Nxc3 9. fxg7 Bxg7 10. dxc3 d6 11. Ng5 h6 12. Ne4 Be6 13. Bf4 0-0-0 14. Qd2 Qc6 15. Qe3 Bd5 16. Qh3+ Kb8 17. Ng3 e5 18. Be3 Be6 19. Qh4 h5 20. f4 f6 21. f5 Bd5 22. Re2 c4 23. Rd1 Bf7 24. b4 cxb3 25. cxb3 d5 26. Qb4 h4 27. Nf1 Bh5 28. Rdd2 Bxe2 29. Rxe2 h3 30. gxh3 Bf8 31. Qa5 Be7 32. a4 Rxh3 33. Ng3 Rc8 34. b4 d4 35. cxd4 Bd8 36. b5 Qc4 37. Qd2 Ba5 38. Qd1 e4 39. bxa6 Qxa6 40. Nxe4 Bc7 41. Nc5 Rg8+ 42. Kh1 Qd6 43. Bg1 Qd5+ 44. Re4 Bb6 45. Qe2 Bxc5 46. dxc5 Rh4 0-1

[Event "Las Vegas 1000 GM op"]
[Site "Las Vegas"]
[Date "2023.06.08"]
[Round "1"]
[White "Taylor, Tristan"]
[Black "Wang, Eigen"]
[Result "1/2-1/2"]
[WhiteElo "1908"]
[BlackElo "2293"]
[PlyCount "151"]
[EventDate "2023.06.08"]
[EventType "swiss"]
[EventRounds "9"]
[EventCountry "USA"]
[SourceTitle "CBM 214 Extra"]
[Source "ChessBase"]
[SourceDate "2023.07.31"]
[SourceVersion "1"]
[SourceVersionDate "2023.07.31"]
[SourceQuality "1"]

1. e4 e6 2. d4 d5 3. Nc3 Nf6 4. e5 Nfd7 5. f4 c5 6. Nf3 Nc6 7. Be3 cxd4 8. Nxd4 Qb6 9. a3 Bc5 10. Ncb5 a6 11. b4 axb5 12. bxc5 Qxc5 13. Qd3 Qe7 14. Nxb5 0-0 15. Qc3 f6 16. exf6 Rxf6 17. Be2 e5 18. fxe5 Rf5 19. Bd4 Ndxe5 20. 0-0-0 Nxd4 21. Nxd4 Rf6 22. Rhe1 Bd7 23. Bf3 Qd6 24. Qb4 Nxf3 25. Nxf3 Rxa3 26. Qxd6 Rxd6 27. Kb2 Ra5 28. Ne5 Rb6+ 29. Kc3 Bf5 30. g4 Be4 31. Kd4 Ra4+ 32. c4 Rba6 33. Rc1 b5 34. Kc5 bxc4 35. Nxc4 Rh6 36. Ne5 Rxh2 37. Rf1 Ra8 38. Nc6 Re8 39. Ra1 h6 40. Kd6 Rg2 41. Rf4 Kh7 42. Ra7 h5 43. gxh5 Rg5 44. Rff7 d4 45. Kd7 Bxc6+ 46. Kxc6 Re6+ 47. Kd7 Ree5 48. Ra2 Rgf5 49. Rxf5 Rxf5 50. Ke6 Rxh5 51. Rd2 Rh4 52. Kf5 Kh6 53. Rg2 Kh7 54. Kg5 Rh6 55. Rd2 Rd6 56. Kf5 d3 57. Ke5 Rd8 58. Kf5 Kg8 59. Ke6 Kh7 60. Kf5 Rd4 61. Ke5 Rd7 62. Ke6 Rd8 63. Kf5 g6+ 64. Kf6 Rd5 65. Rh2+ Rh5 66. Rd2 Rf5+ 67. Ke6 Rf3 68. Ke5 g5 69. Ke4 Rg3 70. Kf5 Kg7 71. Ra2 Kf7 72. Ra7+ Ke8 73. Ra4 Kd7 74. Rd4+ Kc6 75. Ke4 Kc5 76. Rxd3 1/2-1/2

[Event "Banff op"]
[Site "Banff"]
[Date "2022.11.13"]
[Round "5"]
[White "Malek, Omid"]
[Black "Taylor, Tristan"]
[Result "1-0"]
[WhiteElo "2014"]
[BlackElo "1919"]
[PlyCount "66"]
[EventDate "2022.11.11"]
[EventType "swiss"]
[EventRounds "6"]
[EventCountry "CAN"]
[SourceTitle "CBM 211 Extra"]
[Source "ChessBase"]
[SourceDate "2023.01.31"]
[SourceVersion "1"]
[SourceVersionDate "2023.01.31"]
[SourceQuality "1"]

1. d4 Nf6 2. Bg5 d5 3. e3 c5 4. dxc5 e6 5. c4 Nc6 6. Nd2 Bxc5 7. a3 a5 8. cxd5 Qxd5 9. Bxf6 gxf6 10. Ngf3 Bd7 11. e4 Qd6 12. Rc1 Rd8 13. Qc2 Ba7 14. Bb5 0-0 15. 0-0 Rc8 16. Nc4 Qf4 17. Qe2 Rfd8 18. g3 Qg4 19. Nd6 Rb8 20. Nxf7 Kxf7 21. Bxc6 h5 22. Bxd7 Rxd7 23. Kg2 Rbd8 24. Rc2 Bb8 25. Rfc1 Bf4 26. Re1 Bc7 27. e5 f5 28. Rc4 Qg6 29. Qe3 b5 30. Rc6 Re8 31. Qc5 Ree7 32. h4 Rd5 33. Ng5+ Kg7 1-0

[Event "Banff op"]
[Site "Banff"]
[Date "2022.11.13"]
[Round "6"]
[White "Taylor, Tristan"]
[Black "Landre, Geraldo Barbosa"]
[Result "1-0"]
[WhiteElo "1919"]
[BlackElo "1777"]
[PlyCount "83"]
[EventDate "2022.11.11"]
[EventType "swiss"]
[EventRounds "6"]
[EventCountry "CAN"]
[SourceTitle "CBM 211 Extra"]
[Source "ChessBase"]
[SourceDate "2023.01.31"]
[SourceVersion "1"]
[SourceVersionDate "2023.01.31"]
[SourceQuality "1"]

1. e4 e6 2. d4 d5 3. Nc3 dxe4 4. Nxe4 Bd7 5. Nf3 Bc6 6. Bd3 Nd7 7. 0-0 Ngf6 8. Ng3 Be7 9. c3 0-0 10. Re1 Bxf3 11. Qxf3 c6 12. b3 Re8 13. Bb2 Qc7 14. c4 Rac8 15. Rad1 a6 16. Nf1 Qa5 17. a3 Qh5 18. Qg3 Bd8 19. f4 Bb6 20. Kh1 Qg4 21. Qf2 e5 22. c5 exf4 23. cxb6 Nxb6 24. Nd2 Nbd5 25. Nf3 Ne3 26. Rb1 Rcd8 27. Bc1 Nfd5 28. Bd2 Rd6 29. Ne5 Qh5 30. Be2 Qf5 31. Bc4 Rxe5 32. dxe5 Rg6 33. Bxd5 Nxd5 34. Qf3 Qg5 35. Re2 Qh4 36. Rf1 Rg4 37. e6 fxe6 38. Rxe6 Kf7 39. Re4 g5 40. Be1 Qh5 41. Re5 Nf6 42. Rf5 1-0

[Event "Richmond Keres Memorial 44th"]
[Site "Richmond"]
[Date "2019.05.20"]
[Round "6"]
[White "Taylor, Tristan"]
[Black "Zheng, Victor"]
[Result "1-0"]
[WhiteElo "2005"]
[BlackElo "2000"]
[PlyCount "189"]
[EventDate "2019.05.18"]
[EventType "swiss"]
[EventRounds "6"]
[EventCountry "CAN"]
[SourceTitle "CBM 190 Extra"]
[Source "ChessBase"]
[SourceDate "2019.07.15"]
[SourceVersion "1"]
[SourceVersionDate "2019.07.15"]
[SourceQuality "1"]

1. e4 c5 2. Nf3 d6 3. d4 cxd4 4. Nxd4 Nf6 5. Nc3 a6 6. h3 g6 7. g4 Bg7 8. Bg2 0-0 9. Be3 Bd7 10. Qd2 Nc6 11. f4 Rc8 12. 0-0-0 Qa5 13. Nb3 Qc7 14. g5 Ne8 15. Nd5 Qb8 16. Nb6 Rd8 17. Nxd7 Rxd7 18. h4 Nc7 19. h5 e6 20. hxg6 fxg6 21. Bh3 Re8 22. Qh2 d5 23. Nc5 Rde7 24. f5 exf5 25. exf5 Rxe3 26. f6 h5 27. gxh6 Bxf6 28. Nd7 Qd8 29. Nxf6+ Qxf6 30. Qxc7 R3e7 31. Qg3 d4 32. Rdf1 Re3 33. Rxf6 Rxg3 34. Bd7 Rd8 35. Bxc6 bxc6 36. Rxc6 a5 37. Ra6 Rg5 38. Ra7 Kh8 39. a3 Rc5 40. Rg1 g5 41. Rf1 Rc6 42. Rxa5 d3 43. c3 Rxh6 44. Rxg5 Rh2 45. Rb5 Rc2+ 46. Kb1 Rg2 47. Rd1 Kg7 48. Rb4 Kf6 49. Rd4 Rb8 50. Rb4 Rd8 51. a4 Ke5 52. a5 Ra8 53. Rxd3 Rxa5 54. Rbd4 Rb5 55. Rd2 Rg1+ 56. Rd1 Rg2 57. R4d2 Rg3 58. Re1+ Kf5 59. Rf2+ Kg4 60. Re8 Rxc3 61. Rg8+ Kh3 62. Rf7 Rg3 63. Rxg3+ Kxg3 64. Rf6 Kg4 65. Rf1 Rb8 66. Kc2 Rc8+ 67. Kb1 Rb8 68. Rc1 Kf5 69. Rc3 Ke5 70. Kc2 Kd4 71. b3 Kd5 72. Rc4 Rb7 73. Kc3 Rb8 74. b4 Rh8 75. Rc5+ Kd6 76. Kc4 Rh1 77. Kb5 Rb1 78. Rc2 Kd7 79. Ka5 Ra1+ 80. Kb6 Rb1 81. b5 Rb3 82. Ka6 Ra3+ 83. Kb7 Rb3 84. Rd2+ Ke7 85. b6 Rb1 86. Ka7 Ra1+ 87. Kb8 Rb1 88. b7 Rb3 89. Rd4 Rb1 90. Kc7 Rc1+ 91. Kb6 Rb1+ 92. Kc6 Rb2 93. Rd5 Rb1 94. Rb5 Rc1+ 95. Kb6 1-0

[Event "CAN-ch U12"]
[Site "Vancouver"]
[Date "2012.07.06"]
[Round "7"]
[White "Taylor, Tristan"]
[Black "Song, Ziyuan"]
[Result "0-1"]
[WhiteElo "1219"]
[BlackElo "2042"]
[PlyCount "106"]
[EventDate "2012.07.03"]
[EventType "swiss"]
[EventRounds "7"]
[EventCountry "CAN"]
[SourceTitle "EXT 2022"]
[Source "ChessBase"]
[SourceDate "2021.10.06"]
[SourceVersion "1"]
[SourceVersionDate "2021.10.06"]
[SourceQuality "1"]

1. d4 d5 2. c4 e6 3. Nc3 Nf6 4. Bg5 Nbd7 5. e3 c6 6. Bd3 Be7 7. Nf3 dxc4 8. Bxc4 b5 9. Bb3 a6 10. Rc1 Bb7 11. 0-0 0-0 12. Re1 c5 13. dxc5 Nxc5 14. Bc2 h6 15. Bh4 Nd5 16. Bxe7 Qxe7 17. Nxd5 Bxd5 18. b4 Nd7 19. a3 Rad8 20. e4 Bc4 21. Qd2 Ne5 22. Qe3 Nd3 23. Bxd3 Rxd3 24. Qf4 Rxa3 25. Ne5 Qxb4 26. Nd7 Rd8 27. Rcd1 Rd3 28. Nf6+ gxf6 29. Qg4+ Kf8 30. Rb1 Qc5 31. Qf4 Qg5 32. Qc7 Qe5 33. Qa5 Qd6 34. Qa1 e5 35. Rbc1 Qa3 36. Qb1 Qb3 37. Qa1 Qa2 38. Qxa2 Bxa2 39. h3 a5 40. Ra1 Rd2 41. Rac1 Bc4 42. Ra1 a4 43. Kh2 Rxf2 44. Kg3 Rdd2 45. Rg1 Ra2 46. Rad1 Rfe2 47. Rd8+ Kg7 48. Rd6 Ra3+ 49. Kh4 Rxe4+ 50. g4 Ree3 51. Rh1 Bf1 52. g5 Re4+ 53. Kh5 Be2# 0-1

[Event "CAN-ch U12"]
[Site "Vancouver"]
[Date "2012.07.05"]
[Round "6"]
[White "Lee, Nicholas"]
[Black "Taylor, Tristan"]
[Result "1-0"]
[WhiteElo "1750"]
[BlackElo "1219"]
[PlyCount "71"]
[EventDate "2012.07.03"]
[EventType "swiss"]
[EventRounds "7"]
[EventCountry "CAN"]
[SourceTitle "EXT 2022"]
[Source "ChessBase"]
[SourceDate "2021.10.06"]
[SourceVersion "1"]
[SourceVersionDate "2021.10.06"]
[SourceQuality "1"]

1. e4 c5 2. Nc3 g6 3. Bc4 d6 4. d3 Bg7 5. Nge2 Nf6 6. 0-0 a6 7. a4 Nc6 8. Be3 0-0 9. h3 Re8 10. Qd2 Bd7 11. Rad1 Rc8 12. Nd5 Nxd5 13. Bxd5 e6 14. Bc4 Na5 15. b3 Nxc4 16. dxc4 Rc6 17. Bf4 e5 18. Bg5 Qb8 19. Nc3 Be6 20. a5 f6 21. Bh4 Rf8 22. Nd5 Bxd5 23. Qxd5+ Kh8 24. f3 Qd8 25. Be1 Qd7 26. Bf2 Qc7 27. b4 Rf7 28. b5 axb5 29. cxb5 Bf8 30. bxc6 bxc6 31. Qa2 f5 32. Rb1 Bh6 33. a6 Qa7 34. Rb8+ Kg7 35. Rfb1 fxe4 36. R1b7 1-0

[Event "CAN-ch U12"]
[Site "Vancouver"]
[Date "2012.07.03"]
[Round "2"]
[White "Bellissimo, Joseph F"]
[Black "Taylor, Tristan"]
[Result "1-0"]
[WhiteElo "2056"]
[BlackElo "1219"]
[PlyCount "41"]
[EventDate "2012.07.03"]
[EventType "swiss"]
[EventRounds "7"]
[EventCountry "CAN"]
[SourceTitle "EXT 2022"]
[Source "ChessBase"]
[SourceDate "2021.10.06"]
[SourceVersion "1"]
[SourceVersionDate "2021.10.06"]
[SourceQuality "1"]

1. e4 e5 2. Nf3 Nc6 3. Bc4 Bc5 4. c3 Nf6 5. d4 exd4 6. cxd4 Bb4+ 7. Bd2 Bxd2+ 8. Nbxd2 0-0 9. e5 Nh5 10. 0-0 d5 11. exd6 Qxd6 12. Ne4 Qg6 13. Ng3 Nxg3 14. fxg3 Bg4 15. Qb3 Bxf3 16. Qxf3 Nxd4 17. Qxb7 Nc2 18. Bxf7+ Kh8 19. Bxg6 Nxa1 20. Rxf8+ Rxf8 21. Be4 1-0